Traç Baix Walk 2015 : walking art, paisatge i fotografia walking art, paisatge i fotografia
Descripción Física:
24 pàgines : il·lustracions ; 21 cm
Materias:
Parc Agrari del Baix Llobregat (Catalunya) -- Exposicions
; Arquitectura del paisatge
; Arquitectura del paisatge -- Exposicions
Idioma:
Catalán
MARC
| LEADER | 00000nam a22000007a 4500 | ||
|---|---|---|---|
| 001 | 25472 | ||
| 008 | 220512b spa||||| |||| 00| 0 cat d | ||
| 017 | |a DL B 8021-2015 | ||
| 080 | |a FU-68-77 | ||
| 245 | |a Traç Baix Walk 2015 : |b walking art, paisatge i fotografia | ||
| 260 | |a Barcelona : |b Diputació de Barcelona, Xarxa de Parcs Naturals, |c 2015 | ||
| 300 | |a 24 pàgines : |b il·lustracions ; |c 21 cm | ||
| 500 | |a Catàleg de l'exposició celebrada a la Masia de Can Comas, Parc Agrari del Baix Llobregat, del 22 de març al 22 de juny de 2015 | ||
| 610 | 0 | |9 52901 |a Parc Agrari del Baix Llobregat (Catalunya) |x Exposicions | |
| 650 | 0 | |9 43196 |a Arquitectura del paisatge | |
| 650 | 0 | |9 52902 |a Arquitectura del paisatge |v Exposicions | |
| 710 | 1 | |9 7250 |a Barcelona (Catalunya : Província). |b Xarxa de Parcs Naturals | |
| 710 | 1 | |9 52730 |a Barcelona (Catalunya : Província). |b Gerència de Serveis d’Espais Naturals | |
| 942 | |2 udc |c ARXIU |n 1 | ||
| 952 | |0 0 |1 0 |4 0 |6 FU6877 |7 1 |9 61657 |a Arxiu |b Arxiu |d 2022-05-12 |l 0 |o FU-68-77 |p 25472 |r 2022-05-12 00:00:00 |w 2022-05-12 |y ARXIU | ||
| 999 | |c 81551 |d 81551 | ||